000
00228nam a22000857a 4500
008
161207b xxu||||| |||| 00| 0 eng d
100
_9
1888
_a
Iyer. T. V. P
245
_a
Science for you -1
260
_a
New delhi
_b
Asian publication
_c
2004
999
_c
4641
_d
4641